书目信息 |
| 题名: |
学林漫录
|
|
| 作者: | 张忱石 编辑 | |
| 分册: | 二集 | |
| 出版信息: | 北京 中华书局 1981 |
|
| 页数: | 254页 | |
| 开本: | 21cm | |
| 丛书名: | ||
| 单 册: | ||
| 中图分类: | Z429.7 , I26 | |
| 科图分类: | ||
| 主题词: | 杂著--中国--现代--选集 , 散文--中国 , 散文--作品综合集--中国 | |
| 电子资源: | ||
| ISBN: | ||
| 000 | 00652nam0 2200253 450 | |
| 001 | 1552950788 | |
| 005 | 20150120144329.90 | |
| 010 | @dCNY0.92 | |
| 091 | @a17018.97 | |
| 100 | @a19950704d1981 em y0chiy0110 ea | |
| 101 | 0 | @achi |
| 102 | @aCN@b110000 | |
| 105 | @ay z 000yy | |
| 200 | 1 | @a学林漫录@9xue lin man lu@h二集@f张忱石等编辑 |
| 210 | @a北京@c中华书局@d1981 | |
| 215 | @a254页@d21cm | |
| 606 | 0 | @a杂著@y中国@z现代@x选集 |
| 606 | 0 | @a散文@x中国 |
| 606 | 0 | @a散文@x作品综合集@x中国 |
| 690 | @aZ429.7@v5 | |
| 690 | @aI26@v4 | |
| 701 | 0 | @a张忱石@9zhang chen shi@4编辑 |
| 801 | 0 | @aCN@bTSSF@c20150120 |
| 905 | @aZUCC@dI26@eJY33:2 | |
| 学林漫录.二集/张忱石等编辑.-北京:中华书局,1981 |
| 254页;21cm |
| ISBN :CNY0.92 |
| ● |
| 相关链接 |
|
|
|
|
正题名:学林漫录
索取号:I26/JY33:2
 
预约/预借
| 序号 | 登录号 | 条形码 | 馆藏地/架位号 | 状态 | 备注 |
| 1 | 7850018 | 278500187 | 学院路分馆/ [索取号:I26/JY33:2] | 在馆 |